[Event "32.Schlosspark-Open"]
[Site "Wiesbaden-Biebrich"]
[Date "2023.08.27"]
[Round "6.27"]
[White "Dietze, Frank"]
[Black "Bremer, Vincent"]
[Result "0-1"]
[WhiteElo "2115"]
[BlackElo "1925"]
[PlyCount "120"]
[EventDate "2023.??.??"]
[WhiteTeam "Wiesbaden"]
[BlackTeam "TSG 1846 Bretzenheim/ZMO"]

1. d4 b5 2. e4 Bb7 3. Bd3 e6 4. Nf3 c5 5. c3 c4 6. Bc2 Nf6 7. Qe2 a6 8. O-O Be7 9. Bg5 d5 10. Bxf6 Bxf6 11. Nbd2 dxe4 12. Nxe4 O-O 13. Rfe1 Nd7 14. Rad1 Nb6 15. Ne5 Nd5 16. Nxf6+ Nxf6 17. h4 h5 18. f3 Nd7 19. Nxd7 Qxd7 20. Qe5 Qd5 21. Qg3 Rad8 22. Re5 Qd6 23. Qe1 g6 24. Qe3 Rfe8 25. Re1 Bd5 26. Qg5 Qe7 27. Qg3 Kh8 28. Rg5 Rg8 29. Qf4 f5 30. Re5 Rg7 31. Qe3 Qf7 32. a3 Kh7 33. Kf1 Rf8 34. Ke1 Qd7 35. Kd2 a5 36. Qf4 Qb7 37. Ke3 Rff7 38. Kd2 b4 39. axb4 axb4 40. Re1 b3 41. Bb1 Qc7 42. Re5 Qc6 43. Qg3 Qa8 44. Re1 Qa1 45. Kc1 Rd7 46. Qf2 Qa8 47. Re3 Rdf7 48. Qe2 Kg8 49. Rxe6 Bxe6 50. Qxe6 Kh7 51. Qxc4 Qb8 52. g3 Re7 53. Bxf5 gxf5 54. Rxh5+ Kg6 55. Rg5+ Kf6 56. Qc6+ Re6 57. Qd5 Rxg5 58. hxg5+ Ke7 59. f4 Qb6 60. Qxf5 Qa6 0-1

[Event "32.Schlosspark-Open"]
[Site "Wiesbaden-Biebrich"]
[Date "2023.08.27"]
[Round "6.28"]
[White "Derr, Oleg"]
[Black "Montalbano, Federico"]
[Result "0-1"]
[WhiteElo "1755"]
[BlackElo "2115"]
[PlyCount "54"]
[EventDate "2023.??.??"]
[WhiteTeam "VSG 1880 Offenbach"]
[BlackTeam "Wiesbadener SV 1885"]

1. e4 e5 2. Nf3 Nc6 3. Bb5 a6 4. Ba4 Nf6 5. O-O d6 6. Re1 Bd7 7. c3 g6 8. d4 Bg7 9. Nbd2 O-O 10. Nf1 b5 11. Bc2 exd4 12. cxd4 Bg4 13. Be3 Nh5 14. h3 Bxf3 15. gxf3 Qf6 16. Nh2 Qh4 17. d5 Ne5 18. Kg2 Nc4 19. Nf1 Bxb2 20. Rb1 Bc3 21. Re2 Rae8 22. a4 Re5 23. Bc1 Nf4+ 24. Bxf4 Qxf4 25. Qc1 Rg5+ 26. Ng3 Nd2 27. Re3 Rxg3+ 0-1

[Event "32.Schlosspark-Open"]
[Site "Wiesbaden-Biebrich"]
[Date "2023.08.27"]
[Round "6.29"]
[White "Berberich, Christoph"]
[Black "Reschke, Thomas"]
[Result "0-1"]
[WhiteElo "1898"]
[BlackElo "2103"]
[PlyCount "48"]
[EventDate "2023.??.??"]
[WhiteTeam "SK Freiburg-Zähringen 1887 e.V."]
[BlackTeam "SC Frankfurt-West"]

1. d4 g6 2. Nf3 Bg7 3. e4 d6 4. c3 Nd7 5. Bc4 e6 6. O-O h6 7. Qe2 Ne7 8. Nbd2 a6 9. a4 b6 10. b4 Bb7 11. Ba3 O-O 12. b5 a5 13. Ba2 e5 14. Nc4 exd4 15. cxd4 Re8 16. Rfe1 Nf5 17. Qd3 Nh4 18. Nxh4 Qxh4 19. e5 dxe5 20. Nxe5 Nxe5 21. dxe5 Qg5 22. g3 Rad8 23. Qc2 Qg4 24. Qc4 Qf3 0-1

[Event "32.Schlosspark-Open"]
[Site "Wiesbaden-Biebrich"]
[Date "2023.08.27"]
[Round "6.30"]
[White "Emig, Nils"]
[Black "Leidorf, Sebastian"]
[Result "1/2-1/2"]
[WhiteElo "1843"]
[BlackElo "2053"]
[PlyCount "106"]
[EventDate "2023.??.??"]
[WhiteTeam "SK Marburg 1931/72"]
[BlackTeam "SV Bergwinkel"]

1. d4 e6 2. c4 Nf6 3. Nf3 c5 4. Nc3 cxd4 5. Nxd4 d5 6. e3 Nc6 7. cxd5 Nxd5 8. Nxc6 bxc6 9. Nxd5 cxd5 10. Bb5+ Bd7 11. Qa4 Rb8 12. Bxd7+ Qxd7 13. Qxd7+ Kxd7 14. b3 Bd6 15. Bb2 f6 16. Kd2 Rhc8 17. Rhc1 h5 18. h3 e5 19. Rab1 f5 20. Rxc8 Rxc8 21. Bc3 g5 22. b4 Rc4 23. Kd3 g4 24. hxg4 Rxg4 25. g3 f4 26. gxf4 exf4 27. Rh1 fxe3 28. f3 Rg5 29. Kxe3 Bg3 30. Bd4 a6 31. a4 h4 32. b5 axb5 33. axb5 Rh5 34. b6 Kc6 35. f4 Rf5 36. Rc1+ Kb7 37. Rf1 Kb8 38. Be5+ Rxe5+ 39. fxe5 Bxe5 40. Rf5 Bh2 41. Rxd5 Bg1+ 42. Kf3 Bxb6 43. Rd7 Ba7 44. Rh7 Ka8 45. Ke4 h3 46. Rxh3 Bb8 47. Rh7 Ba7 48. Kd5 Bb8 49. Kc6 Ba7 50. Rf7 Bb8 51. Kb6 Bg3 52. Ra7+ Kb8 53. Rb7+ Ka8 1/2-1/2

[Event "32.Schlosspark-Open"]
[Site "Wiesbaden-Biebrich"]
[Date "2023.08.27"]
[Round "6.32"]
[White "Hoffmann, Christian"]
[Black "Meuer, David"]
[Result "0-1"]
[WhiteElo "1797"]
[BlackElo "1936"]
[PlyCount "78"]
[EventDate "2023.??.??"]
[WhiteTeam "SAbt BKA Wiesbaden"]
[BlackTeam "SV Turm Lahnstein"]

1. e4 e6 2. d4 d5 3. Nc3 Bb4 4. e5 Ne7 5. a3 Bxc3+ 6. bxc3 c5 7. a4 Qa5 8. Bd2 Nbc6 9. h4 Bd7 10. Rh3 Qc7 11. Qg4 Nf5 12. Nf3 O-O-O 13. Bd3 cxd4 14. cxd4 Ncxd4 15. Nxd4 Qxe5+ 16. Be3 h5 17. Qf4 Qxf4 18. Bxf4 Nxd4 19. Be5 Nc6 20. Bxg7 Rhg8 21. Rg3 f5 22. Be2 Be8 23. a5 Rd7 24. Be5 Rxg3 25. Bxg3 a6 26. Rb1 e5 27. Bd3 Bg6 28. Rb6 Kc7 29. f3 Rg7 30. Kd2 f4 31. Bf2 e4 32. Bxa6 e3+ 33. Bxe3 fxe3+ 34. Kxe3 bxa6 35. Rxa6 Bxc2 36. Ra8 d4+ 37. Kf4 d3 38. a6 d2 39. a7 Kb7 0-1

[Event "32.Schlosspark-Open"]
[Site "Wiesbaden-Biebrich"]
[Date "2023.08.27"]
[Round "6.33"]
[White "Fucik, Timo"]
[Black "Müller, Lutz"]
[Result "0-1"]
[WhiteElo "2009"]
[BlackElo "1915"]
[PlyCount "86"]
[EventDate "2023.??.??"]
[WhiteTeam "SK 1926 Ettlingen"]
[BlackTeam "Sfr.Mainz 1928"]

1. d4 g6 2. e4 Bg7 3. Nc3 d6 4. Be3 Nc6 5. f4 Nf6 6. h3 O-O 7. Qd2 e5 8. fxe5 dxe5 9. d5 Nd4 10. O-O-O c5 11. dxc6 bxc6 12. Nf3 c5 13. Bc4 Qc7 14. Nd5 Nxd5 15. Bxd5 Bb7 16. Bxb7 Qxb7 17. c3 Qxe4 18. Rhe1 Qf5 19. Nh4 Qh5 20. Qf2 f5 21. Kb1 Rad8 22. cxd4 cxd4 23. Bc1 e4 24. g3 Rf7 25. Ng2 g5 26. h4 h6 27. hxg5 hxg5 28. Ne3 Qg6 29. Nc4 Rc7 30. b3 Rxc4 31. bxc4 Rb8+ 32. Bb2 e3 33. Qg2 f4+ 34. Ka1 Rxb2 35. Qd5+ Qf7 36. Qxf7+ Kxf7 37. Kxb2 d3+ 38. Kc1 Bc3 39. gxf4 d2+ 40. Kc2 dxe1=Q 41. Rxe1 Bxe1 42. fxg5 Bb4 43. Kd3 Bc5 0-1

[Event "32.Schlosspark-Open"]
[Site "Wiesbaden-Biebrich"]
[Date "2023.08.27"]
[Round "6.34"]
[White "Mrsic, Ivan"]
[Black "Diez, Gerhard"]
[Result "0-1"]
[WhiteElo "1692"]
[BlackElo "1980"]
[Annotator "hansd"]
[PlyCount "36"]
[EventDate "2023.??.??"]
[WhiteTeam "Mainz-Kastel"]
[BlackTeam "SC Bad Nauheim"]

1. e4 c5 2. Nf3 a6 3. d4 cxd4 4. Nxd4 Nf6 5. e5 Qa5+ 6. Nc3 Qxe5+ 7. Be2 Nc6 8. Be3 d5 9. O-O Qc7 10. f4 e6 11. a3 Bd6 12. Qd2 O-O 13. g4 e5 14. fxe5 Bxe5 15. h3 Bxd4 16. Bxd4 Qg3+ 17. Kh1 Qxh3+ 18. Kg1 Nxg4 0-1

[Event "32.Schlosspark-Open"]
[Site "Wiesbaden-Biebrich"]
[Date "2023.08.27"]
[Round "6.35"]
[White "Marzahn, Heiko"]
[Black "Flackus, Stefan"]
[Result "0-1"]
[WhiteElo "2031"]
[BlackElo "1832"]
[PlyCount "96"]
[EventDate "2023.??.??"]
[WhiteTeam "SF Eltville"]
[BlackTeam "Vorw.Orient Mainz"]

1. e4 e5 2. Nf3 Nc6 3. Nc3 Nf6 4. Bb5 Bb4 5. O-O O-O 6. d3 d6 7. Bg5 Bxc3 8. bxc3 Qe7 9. d4 Nd8 10. Re1 Ne6 11. Bc1 c5 12. Bf1 Qc7 13. g3 h6 14. d5 Nd8 15. Nh4 Re8 16. c4 Bg4 17. f3 Bd7 18. Bd2 Kh7 19. Qe2 b6 20. Qg2 g6 21. h3 Nb7 22. Bd3 b5 23. f4 bxc4 24. Bxc4 Na5 25. Bf1 c4 26. fxe5 c3 27. exd6 Qxd6 28. Bf4 Qc5+ 29. Be3 Qe7 30. Bd4 Nxe4 31. Kh2 f5 32. Bd3 Qb4 33. Qg1 Nc4 34. Rab1 Qa4 35. Bxe4 fxe4 36. Qf2 Rf8 37. Qe2 Nd2 38. Bxc3 Nxb1 39. Rxb1 Qxa2 40. Qxe4 Rf2+ 41. Kg1 Qxb1+ 42. Kxf2 Rf8+ 43. Nf3 Re8 44. Qd4 Qxc2+ 45. Kg1 Qb1+ 46. Kf2 Qb6 47. h4 Kg8 48. Ne5 Rxe5 0-1

[Event "32.Schlosspark-Open"]
[Site "Wiesbaden-Biebrich"]
[Date "2023.08.27"]
[Round "6.36"]
[White "Hipler, Andreas"]
[Black "Schneider, Jörg"]
[Result "0-1"]
[WhiteElo "1770"]
[BlackElo "2025"]
[PlyCount "54"]
[EventDate "2023.??.??"]
[WhiteTeam "SK Gau-Algesheim"]
[BlackTeam "Sfr.Mainz 1928"]

1. d4 Nf6 2. Nf3 g6 3. g3 Bg7 4. Bg2 c5 5. dxc5 Qa5+ 6. Nfd2 Qxc5 7. O-O O-O 8. Nc3 a6 9. Nb3 Qc7 10. Bf4 d6 11. Qd2 Nc6 12. Bh6 Be6 13. Bxg7 Kxg7 14. Nd4 Bd7 15. Rfd1 Rac8 16. e3 Ne5 17. Nce2 Nc4 18. Qb4 b5 19. c3 e5 20. Nf3 a5 21. Qb3 Bf5 22. a3 a4 23. Qa2 Bc2 24. Rdc1 Bb3 25. Qb1 e4 26. Nfd4 Nd2 27. Nxb5 Qc5 0-1

[Event "32.Schlosspark-Open"]
[Site "Wiesbaden-Biebrich"]
[Date "2023.08.27"]
[Round "6.37"]
[White "Pioch, Thomas"]
[Black "Meding, Olaf"]
[Result "1-0"]
[WhiteElo "2022"]
[BlackElo "1770"]
[PlyCount "29"]
[EventDate "2023.??.??"]
[WhiteTeam "Wiesbaden"]
[BlackTeam "Sfr.Mainz 1928"]

1. Nf3 d5 2. g3 c6 3. Bg2 Nf6 4. O-O Nbd7 5. d4 g6 6. b3 Bg7 7. Bb2 O-O 8. Nbd2 Ne8 9. e3 b6 10. c4 Bb7 11. Rc1 c5 12. cxd5 Bxd5 13. Qc2 Rc8 14. e4 cxd4 15. Qxc8 1-0

[Event "32.Schlosspark-Open"]
[Site "Wiesbaden-Biebrich"]
[Date "2023.08.27"]
[Round "6.38"]
[White "Weber, Nikita"]
[Black "Leck, Gerrit"]
[Result "1/2-1/2"]
[WhiteElo "1650"]
[BlackElo "1981"]
[PlyCount "56"]
[EventDate "2023.??.??"]
[WhiteTeam "Vorw.Orient Mainz"]
[BlackTeam "SV Lahn Limburg"]

1. Nf3 Nf6 2. g3 g6 3. Bg2 Bg7 4. O-O O-O 5. c4 d6 6. d4 Nbd7 7. Nc3 e5 8. dxe5 dxe5 9. Qc2 c6 10. Nd2 Qe7 11. b3 Rd8 12. a4 a5 13. Ba3 Qe6 14. Rad1 Bf8 15. Bxf8 Nxf8 16. Nde4 Rxd1 17. Rxd1 Nxe4 18. Nxe4 Qe7 19. Qd2 Ne6 20. Nd6 Nd4 21. Nxc8 Rxc8 22. Qxa5 Nxb3 23. Qb6 Nc5 24. Qb4 Kf8 25. h3 Ra8 26. a5 Ne6 27. Qc3 Nc5 28. Qb4 Ne6 1/2-1/2

[Event "32.Schlosspark-Open"]
[Site "Wiesbaden-Biebrich"]
[Date "2023.08.27"]
[Round "6.39"]
[White "Mohammadzadeh, Daris"]
[Black "Eveleens, Wim"]
[Result "1-0"]
[WhiteElo "1701"]
[BlackElo "1993"]
[PlyCount "75"]
[EventDate "2023.??.??"]
[WhiteTeam "Vorw.Orient Mainz"]
[BlackTeam "SV Amstel"]

1. e4 e6 2. d4 d5 3. e5 c5 4. c3 Ne7 5. Nf3 Nec6 6. Bd3 b6 7. O-O Ba6 8. Re1 Bxd3 9. Qxd3 Qc7 10. Bf4 c4 11. Qe3 Be7 12. Nbd2 Nd7 13. b3 Na5 14. Bg5 b5 15. Bxe7 Kxe7 16. a4 cxb3 17. axb5 h6 18. Rab1 Nb6 19. Nxb3 Nxb3 20. Rxb3 Nc4 21. Qe2 Rhb8 22. Reb1 Rb6 23. Nd2 Rc8 24. Nxc4 Qxc4 25. Qxc4 Rxc4 26. Ra1 Rb7 27. Kf1 g5 28. g3 g4 29. Ke2 f6 30. exf6+ Kxf6 31. Kd3 e5 32. Ra6+ Kf5 33. Rxh6 e4+ 34. Kd2 Rd7 35. b6 axb6 36. Rbxb6 Kg5 37. Rhg6+ Kh5 38. Rge6 1-0

[Event "32.Schlosspark-Open"]
[Site "Wiesbaden-Biebrich"]
[Date "2023.08.27"]
[Round "6.40"]
[White "Fröhlich-Dill, Astrid"]
[Black "Gentner, Markus"]
[Result "0-1"]
[WhiteElo "1775"]
[BlackElo "1982"]
[PlyCount "86"]
[EventDate "2023.??.??"]
[WhiteTeam "SV 1920 Hofheim"]
[BlackTeam "SC Murrhardt 1948 e.V."]

1. d4 Nf6 2. Nf3 e6 3. c4 Bb4+ 4. Nc3 Bxc3+ 5. bxc3 Ne4 6. Qc2 f5 7. e3 b6 8. a4 a5 9. Ba3 d6 10. Rd1 Nd7 11. c5 bxc5 12. Bb5 O-O 13. Bc6 Rb8 14. Bxe4 fxe4 15. Qxe4 Nf6 16. Qc2 cxd4 17. Nxd4 Bd7 18. O-O Qe7 19. c4 e5 20. Nb5 Bc6 21. Nxd6 cxd6 22. Bxd6 Qf7 23. Bxf8 Rxf8 24. Rd6 Qe8 25. c5 Kh8 26. Qc4 Ne4 27. Rdd1 Ng5 28. Qg4 h6 29. h4 Ne4 30. Rc1 h5 31. Qe2 Qg6 32. Qc2 Qf6 33. f3 Ng3 34. Qc4 e4 35. fxe4 Nxf1 36. Rxf1 Qxf1+ 37. Qxf1 Rxf1+ 38. Kxf1 Bxe4 39. g3 Bc6 40. Ke2 Bxa4 41. e4 Kg8 42. Kd3 Kf7 43. Ke3 Bc6 0-1

[Event "32.Schlosspark-Open"]
[Site "Wiesbaden-Biebrich"]
[Date "2023.08.27"]
[Round "6.41"]
[White "Frömbgen, Andreas"]
[Black "Villani, Cristian"]
[Result "1/2-1/2"]
[WhiteElo "1776"]
[BlackElo "1986"]
[PlyCount "53"]
[EventDate "2023.??.??"]
[WhiteTeam "SK Gau-Algesheim"]
[BlackTeam "SK Durlach"]

1. c4 Nf6 2. g3 c6 3. Bg2 d5 4. cxd5 cxd5 5. Nf3 Nc6 6. d4 g6 7. O-O Bg7 8. Nc3 O-O 9. Re1 Ne4 10. e3 Nxc3 11. bxc3 Bf5 12. Nh4 Bc8 13. e4 e6 14. Ba3 Re8 15. exd5 exd5 16. Rxe8+ Qxe8 17. Bxd5 Be6 18. Bxe6 fxe6 19. Nf3 Qd7 20. Qe2 Qd5 21. Re1 Re8 22. Ne5 Nxe5 23. dxe5 Rc8 24. Bb4 a5 25. Rd1 Qxe5 26. Qxe5 Bxe5 27. Bxa5 1/2-1/2

[Event "32.Schlosspark-Open"]
[Site "Wiesbaden-Biebrich"]
[Date "2023.08.27"]
[Round "6.43"]
[White "Mehlen, Theodor"]
[Black "Albert, Ingo"]
[Result "1/2-1/2"]
[WhiteElo "1801"]
[BlackElo "1968"]
[PlyCount "87"]
[EventDate "2023.??.??"]
[WhiteTeam "SC Matt im Park Ffm"]
[BlackTeam "FT Schierstein"]

1. e4 e5 2. Nf3 Nf6 3. d4 Nxe4 4. Bd3 d5 5. Nxe5 Nd7 6. O-O Bd6 7. Re1 Bxe5 8. dxe5 Nec5 9. Bf5 Nb6 10. Bxc8 Rxc8 11. b3 O-O 12. Bb2 Ne6 13. Qg4 Qg5 14. Qxg5 Nxg5 15. Nd2 Ne6 16. Rf1 g6 17. a4 Rfd8 18. f4 c5 19. f5 gxf5 20. Rxf5 c4 21. Nf3 d4 22. Ng5 Nxg5 23. Rxg5+ Kf8 24. Ba3+ Ke8 25. Rg8+ Kd7 26. Rxd8+ Rxd8 27. a5 Nc8 28. bxc4 Ke6 29. Kf2 Kxe5 30. Re1+ Kf5 31. Kf3 h5 32. Rd1 a6 33. c3 d3 34. Ke3 Re8+ 35. Kxd3 Rd8+ 36. Kc2 Rxd1 37. Kxd1 Na7 38. Bd6 Ke4 39. Ke2 Nc6 40. Bc7 Ne7 41. Kf2 Nf5 42. Bd8 Ne3 43. Kg3 Kf5 44. Be7 1/2-1/2

[Event "32.Schlosspark-Open"]
[Site "Wiesbaden-Biebrich"]
[Date "2023.08.27"]
[Round "6.44"]
[White "Gärtner, Johannes"]
[Black "Baladjaev, Emin"]
[Result "1/2-1/2"]
[WhiteElo "1532"]
[BlackElo "1967"]
[PlyCount "64"]
[EventDate "2023.??.??"]
[WhiteTeam "Sfr.Mainz 1928"]
[BlackTeam "SAbt TuS Dotzheim"]

1. d4 d5 2. c4 e6 3. Nc3 Nf6 4. cxd5 exd5 5. Bg5 Be7 6. e3 O-O 7. Bd3 a6 8. Qc2 Nbd7 9. Nf3 b6 10. O-O Bb7 11. Rac1 Rc8 12. Rfd1 g6 13. Qb1 Kg7 14. b4 Re8 15. a4 Bd6 16. b5 a5 17. Qb3 Qe7 18. Ne2 h6 19. Bh4 Qf8 20. Bg3 Ne4 21. Bf4 f5 22. Bxd6 Qxd6 23. Nh4 Qe7 24. g3 Nxf2 25. Kxf2 Qxe3+ 26. Kf1 Nf6 27. Qc2 Ng4 28. Nf4 Qxf4+ 29. gxf4 Ne3+ 30. Kf2 Nxc2 31. Rxc2 Kf6 32. Rdc1 Re7 1/2-1/2

[Event "32.Schlosspark-Open"]
[Site "Wiesbaden-Biebrich"]
[Date "2023.08.27"]
[Round "6.45"]
[White "Ehmann, Johanna"]
[Black "Gerhard, Dominik"]
[Result "1/2-1/2"]
[WhiteElo "1864"]
[BlackElo "1628"]
[PlyCount "64"]
[EventDate "2023.??.??"]
[WhiteTeam "SK Oberkirch"]
[BlackTeam "SV Oberursel"]

1. d4 Nf6 2. Nf3 d5 3. e3 e6 4. Bd3 Be7 5. c3 O-O 6. Ne5 Nbd7 7. f4 Ne4 8. O-O f5 9. Nd2 c5 10. Rf3 Nxe5 11. dxe5 Bd7 12. Rh3 Qe8 13. Nf3 Bb5 14. Bxb5 Qxb5 15. Nd2 g6 16. Rf3 Qd3 17. Qf1 Qxf1+ 18. Rxf1 Nxd2 19. Bxd2 c4 20. g3 b5 21. a3 a5 22. Kf2 Kf7 23. h4 Ra7 24. Rfb1 Rb8 25. Kf3 Rab7 26. Be1 b4 27. axb4 axb4 28. Ra4 bxc3 29. Bxc3 Rb3 30. Rba1 R8b7 31. Ra7 Bc5 32. Rxb7+ Rxb7 1/2-1/2

[Event "32.Schlosspark-Open"]
[Site "Wiesbaden-Biebrich"]
[Date "2023.08.27"]
[Round "6.46"]
[White "Rutsatz, Mario"]
[Black "Brauch, Manfred"]
[Result "1-0"]
[WhiteElo "1912"]
[BlackElo "1750"]
[PlyCount "23"]
[EventDate "2023.??.??"]
[WhiteTeam "SC 1961 König Nied"]
[BlackTeam "SG Pieroth/Burg Layen"]

1. Nf3 f5 2. e4 fxe4 3. Ng5 Nf6 4. d3 h6 5. Nxe4 e6 6. Be2 Bb4+ 7. c3 Be7 8. Nxf6+ Bxf6 9. Bh5+ Kf8 10. Nd2 Bg5 11. Ne4 Bxc1 12. Qf3+ 1-0

[Event "32.Schlosspark-Open"]
[Site "Wiesbaden-Biebrich"]
[Date "2023.08.27"]
[Round "6.47"]
[White "Leitzig, Reamonn Franky James"]
[Black "Davidov, Georgi"]
[Result "0-1"]
[WhiteElo "1468"]
[BlackElo "1904"]
[PlyCount "44"]
[EventDate "2023.??.??"]
[WhiteTeam "SV 1934 Ffm-Griesheim"]
[BlackTeam "SC Rotenburg"]

1. d4 f5 2. g3 Nf6 3. Bg2 e6 4. c4 Bb4+ 5. Bd2 Bxd2+ 6. Nxd2 Nc6 7. Ngf3 d6 8. a3 e5 9. e3 e4 10. Ng1 O-O 11. Ne2 Qe7 12. O-O g5 13. b4 Qg7 14. f3 exf3 15. Nxf3 Bd7 16. Qc2 Rae8 17. d5 Ne5 18. h3 Nxf3+ 19. Rxf3 Nxd5 20. Rc1 Nxe3 21. Qd2 Nxg2 22. Kxg2 Bc6 0-1

[Event "32.Schlosspark-Open"]
[Site "Wiesbaden-Biebrich"]
[Date "2023.08.27"]
[Round "6.48"]
[White "Shanawaz Thabrez, Shahzaib"]
[Black "Schwarz, Jochen"]
[Result "0-1"]
[WhiteElo "1312"]
[BlackElo "1880"]
[PlyCount "120"]
[EventDate "2023.??.??"]
[WhiteTeam "SK Langen"]
[BlackTeam "SAbt SV Werder Bremen"]

1. e4 c5 2. Nf3 e6 3. d4 cxd4 4. Nxd4 Nc6 5. Be3 a6 6. Nc3 Qc7 7. Be2 Bb4 8. Qd2 Nf6 9. Bd3 Ne5 10. O-O Neg4 11. Bf4 d6 12. Bg3 Bc5 13. Nf3 Bd7 14. Nd1 h6 15. b4 Ba7 16. a4 Nh5 17. Kh1 Nxg3+ 18. fxg3 O-O 19. h3 Nf6 20. Nc3 Rac8 21. Ne2 d5 22. exd5 exd5 23. Nh2 Ne4 24. Qe1 Rfe8 25. Rf3 Qe5 26. Ra3 Qg5 27. Nf1 Bb8 28. Qd1 Qh5 29. Qc1 Bxh3 30. Nf4 Bxf4 31. Rxf4 Bg4+ 32. Kg1 Nc3 33. Nh2 Be2 34. Qa1 Qe5 35. Nf3 Bxf3 36. Rxf3 Ne2+ 37. Bxe2 Qxa1+ 38. Rxa1 Rxe2 39. c3 Rc2 40. Ra3 Re8 41. Rd3 Ree2 42. Rxd5 Rxg2+ 43. Kf1 Rxg3 44. Rd8+ Kh7 45. Rd7 Rf3+ 46. Ke1 Rb2 47. Rd2 Rxb4 48. cxb4 Rxa3 49. a5 Re3+ 50. Kd1 Re7 51. Rd5 g5 52. b5 axb5 53. Rxb5 Kg6 54. Kd2 h5 55. Rb6+ f6 56. Kd3 g4 57. Kd4 g3 58. Rb3 h4 59. Kc5 g2 60. Rb1 h3 0-1

[Event "32.Schlosspark-Open"]
[Site "Wiesbaden-Biebrich"]
[Date "2023.08.27"]
[Round "6.49"]
[White "Zimmer, Gerald"]
[Black "Potgieter, Edward"]
[Result "1-0"]
[WhiteElo "1882"]
[BlackElo "1719"]
[PlyCount "111"]
[EventDate "2023.??.??"]
[WhiteTeam "SC Bergen-Enkheim 1922"]
[BlackTeam "JNW Chess Club"]

1. d4 Nf6 2. Nf3 d5 3. c4 e6 4. Nc3 Bb4 5. Bd2 O-O 6. e3 Re8 7. Rc1 Nbd7 8. cxd5 Bxc3 9. Bxc3 exd5 10. Bb4 Ne4 11. Bd3 Ndf6 12. Ne5 c6 13. O-O Be6 14. a4 Qb6 15. Ba3 Nd7 16. Nxd7 Bxd7 17. b4 Qd8 18. Qc2 Qg5 19. Rce1 Nf6 20. Bc1 Qh4 21. f3 g6 22. Qf2 Qxf2+ 23. Rxf2 Bf5 24. Bf1 h5 25. g3 Re7 26. h3 Rae8 27. g4 Bd7 28. Bd3 hxg4 29. hxg4 Kg7 30. Rh2 Rh8 31. Rxh8 Kxh8 32. Kg2 Kg7 33. Bd2 a6 34. Bc3 Ne8 35. e4 Nc7 36. e5 Ne6 37. Kg3 g5 38. Bf5 Nf4 39. Bd2 b6 40. Bxf4 gxf4+ 41. Kxf4 a5 42. Bxd7 Rxd7 43. bxa5 bxa5 44. Rc1 Rb7 45. Rxc6 Rb4 46. Rc5 Rxd4+ 47. Kf5 Rxa4 48. Rxd5 Ra3 49. f4 a4 50. Ra5 Ra1 51. Ra7 a3 52. e6 a2 53. Rxf7+ Kg8 54. Ra7 Kf8 55. Kf6 Kg8 56. e7 1-0

[Event "32.Schlosspark-Open"]
[Site "Wiesbaden-Biebrich"]
[Date "2023.08.27"]
[Round "6.50"]
[White "Yozgyur, Ediz"]
[Black "Dietrich, Leif"]
[Result "1/2-1/2"]
[WhiteElo "1446"]
[BlackElo "1879"]
[PlyCount "116"]
[EventDate "2023.??.??"]
[WhiteTeam "Kreuznacher SV 1921 e.V."]
[BlackTeam "Hamburger SK von 1830 eV"]

1. e4 c5 2. Nf3 d6 3. d4 cxd4 4. Nxd4 Nf6 5. Nc3 a6 6. Bc4 e6 7. Bb3 b5 8. a3 Bb7 9. f3 Nbd7 10. O-O Nc5 11. Re1 Nxb3 12. cxb3 Be7 13. f4 O-O 14. e5 Nd5 15. f5 dxe5 16. Rxe5 Bd6 17. Re1 e5 18. Nxd5 Bxd5 19. Nf3 Bc5+ 20. Be3 Bxe3+ 21. Rxe3 Bxf3 22. Qxf3 f6 23. Rd1 Qb6 24. Kh1 Rad8 25. Red3 Rxd3 26. Qxd3 Rc8 27. h3 Qc6 28. Qd6 g6 29. fxg6 hxg6 30. a4 Kf7 31. Qd7+ Qxd7 32. Rxd7+ Ke6 33. Ra7 Rc6 34. axb5 axb5 35. Rb7 Rc5 36. b4 Rd5 37. g4 e4 38. Kg2 Ke5 39. Kf2 f5 40. Rb6 fxg4 41. hxg4 Kf4 42. Rf6+ Kg5 43. Rc6 Kxg4 44. Rxg6+ Kf4 45. Rf6+ Ke5 46. Rb6 Kd4 47. Rc6 Rh5 48. b3 Rh2+ 49. Ke1 Rb2 50. Rc5 Ke3 51. Rc3+ Kd4 52. Rc5 Ke3 53. Rc3+ Kd4 54. Rc5 Ke3 55. Rc3+ Kd4 56. Rc5 Rxb3 57. Rxb5 Kc4 58. Re5 Kd4 1/2-1/2

[Event "32.Schlosspark-Open"]
[Site "Wiesbaden-Biebrich"]
[Date "2023.08.27"]
[Round "6.51"]
[White "Kobs, Stephan"]
[Black "Sreeramulu, Aarush"]
[Result "1/2-1/2"]
[WhiteElo "1877"]
[BlackElo "1561"]
[PlyCount "118"]
[EventDate "2023.??.??"]
[WhiteTeam "TSG 1846 Bretzenheim/ZMO"]
[BlackTeam "SK Marburg 1931/72"]

1. Nf3 d5 2. g3 Nf6 3. Bg2 Bf5 4. b3 e6 5. Bb2 Be7 6. O-O O-O 7. d3 c5 8. Nbd2 Nc6 9. Re1 h6 10. e4 dxe4 11. dxe4 Bg4 12. h3 Bh5 13. e5 Nd5 14. a3 Qc7 15. Qe2 Rfd8 16. c4 Nb6 17. g4 Bg6 18. Ne4 Na5 19. Qc2 Rd7 20. Qc3 Bxe4 21. Rxe4 Nc6 22. Rae1 Rad8 23. Bf1 a5 24. g5 hxg5 25. Rg4 Nd4 26. Nxg5 a4 27. Qd3 Bxg5 28. Rxg5 axb3 29. Qg3 Nf5 30. Qxb3 Nc8 31. Rg4 Nce7 32. Bc3 Nc6 33. Qb2 Ncd4 34. Bg2 Nc6 35. Bf1 Rd1 36. Rge4 Nce7 37. Qe2 R1d7 38. Qb2 Nd4 39. Bg2 Nec6 40. f4 Na5 41. Qa2 Nf5 42. Bf1 Ng3 43. R4e3 Nxf1 44. Rxf1 Rd3 45. Rfe1 Rd1 46. Rxd1 Rxd1+ 47. Kh2 f5 48. Qe2 Rd7 49. Rd3 Nc6 50. Qd2 Nd4 51. Bxd4 Qd8 52. Kg2 Rxd4 53. Rxd4 cxd4 54. Qd3 Qd7 55. Kf2 b6 56. Ke2 Qa4 57. Qxd4 Qxa3 58. Qd8+ Kf7 59. Qd7+ Qe7 1/2-1/2

[Event "32.Schlosspark-Open"]
[Site "Wiesbaden-Biebrich"]
[Date "2023.08.27"]
[Round "6.52"]
[White "Trenz, Finn"]
[Black "Jansen, Malte"]
[Result "1/2-1/2"]
[WhiteElo "1837"]
[BlackElo "1534"]
[PlyCount "104"]
[EventDate "2023.??.??"]
[WhiteTeam "SV Multatuli Ingelheim e.V."]
[BlackTeam "SJ Herborn 1998"]

1. e4 e5 2. Nf3 Nc6 3. Bc4 Bc5 4. c3 Nf6 5. d4 exd4 6. cxd4 Bb4+ 7. Nbd2 Nxe4 8. d5 Ne7 9. O-O Bxd2 10. Nxd2 Nxd2 11. Bxd2 d6 12. Rc1 O-O 13. Rc3 Ng6 14. Rg3 Bf5 15. Qh5 Qd7 16. h4 Ne5 17. Bb3 f6 18. Qd1 Rfe8 19. Ba4 c6 20. h5 Re7 21. Qb3 Kh8 22. dxc6 bxc6 23. h6 g6 24. Bc3 Qc7 25. Re1 Rae8 26. Rge3 Be6 27. Qc2 Bd5 28. Qd1 Re6 29. f4 Nd7 30. Rxe6 Rxe6 31. Rxe6 Bxe6 32. Qe2 Nc5 33. Bxf6+ Kg8 34. b4 Kf7 35. bxc5 Kxf6 36. Qb2+ Ke7 37. Qg7+ Bf7 38. Qd4 Bxa2 39. cxd6+ Qxd6 40. Qxa7+ Qd7 41. Qc5+ Qd6 42. Qxc6 Qxc6 43. Bxc6 Kf6 44. Be4 Be6 45. Kf2 Bf5 46. Kf3 Bxe4+ 47. Kxe4 Ke6 48. g3 Kf6 49. g4 Ke6 50. g5 Kf7 51. Kd5 Kg8 52. Ke6 Kh8 1/2-1/2

[Event "32.Schlosspark-Open"]
[Site "Wiesbaden-Biebrich"]
[Date "2023.08.27"]
[Round "6.53"]
[White "Mayer, Frank"]
[Black "Eckert, Michael"]
[Result "1-0"]
[WhiteElo "2067"]
[BlackElo "1570"]
[PlyCount "57"]
[EventDate "2023.??.??"]
[WhiteTeam "Wiesbadener SV 1885"]
[BlackTeam "SK Herborn 1946"]

1. e4 e5 2. Nf3 Nc6 3. Bc4 Be7 4. d4 exd4 5. c3 d6 6. cxd4 Nf6 7. Nc3 Bg4 8. Be2 O-O 9. O-O Re8 10. d5 Ne5 11. Nxe5 Bxe2 12. Qxe2 dxe5 13. Qc4 Rc8 14. Bg5 h6 15. Bxf6 Bxf6 16. b4 Be7 17. Rfd1 Bd6 18. Rac1 Qe7 19. b5 Bc5 20. Na4 Bd4 21. Nc5 Bxc5 22. Qxc5 Qxc5 23. Rxc5 Red8 24. Kf1 Kf8 25. Rdc1 f6 26. Rxc7 Rxc7 27. Rxc7 Rb8 28. d6 g6 29. d7 1-0

[Event "32.Schlosspark-Open"]
[Site "Wiesbaden-Biebrich"]
[Date "2023.08.27"]
[Round "6.54"]
[White "Blübaum, Johanna"]
[Black "Michalski, Uwe"]
[Result "1-0"]
[WhiteElo "1969"]
[BlackElo "1667"]
[PlyCount "93"]
[EventDate "2023.??.??"]
[WhiteTeam "SV Königsspringer Lemgo"]
[BlackTeam "Sfr.Mainz 1928"]

1. d4 Nf6 2. c4 g6 3. Nc3 c5 4. d5 d6 5. e4 e6 6. Nf3 exd5 7. cxd5 Bg4 8. Be2 Bxf3 9. Bxf3 Bg7 10. O-O O-O 11. Bf4 Re8 12. Re1 Na6 13. Nb5 Bf8 14. Qd2 Nc7 15. Nc3 Qd7 16. a4 a5 17. Rad1 Ng4 18. Be2 f6 19. h3 Ne5 20. Bg3 Bg7 21. f4 Bh6 22. Qc2 Nf7 23. Bg4 Qd8 24. Qb3 g5 25. fxg5 fxg5 26. Rf1 Qe7 27. Bh5 Rf8 28. Bxf7+ Rxf7 29. Rxf7 Kxf7 30. Qxb7 g4 31. Rf1+ Kg8 32. Kh2 gxh3 33. gxh3 Rd8 34. Rg1 Kh8 35. Nb5 Rg8 36. Qxc7 Qxe4 37. Qxd6 Bg7 38. Nc3 Qe3 39. Qf4 Qd3 40. Qe4 Qd2+ 41. Rg2 Qg5 42. Bf4 Qh5 43. d6 Rf8 44. Qe7 Qf7 45. Qxf7 Rxf7 46. Bg3 Kg8 47. Be5 1-0